Kpop Demon Hunter - Soda Pop - (Paroles) - Statistiques

Statistiques générales
  • Ce quiz a été pris 679 fois
  • Le résultat moyen est 193 sur 315
Statistiques - réponses
Paroles % Correct
m'
93%
soda
91%
pop
90%
T'
89%
t'
89%
à
87%
J'
87%
mon
85%
Mon
85%
n'
82%
petit
81%
es
80%
Je
80%
je
80%
l'
80%
toi
79%
Toi
79%
te
78%
qu'
77%
le
72%
ne
72%
Ne
72%
ai
71%
de
70%
tu
69%
Tu
69%
pense
68%
me
67%
Tes
65%
tes
65%
en
64%
paroles
64%
les
63%
bois
62%
besoin
61%
ce
61%
voir
61%
soir
57%
Et
56%
et
56%
ma
56%
tout
56%
Bébé
55%
que
55%
retrouver
55%
jamais
54%
chaud
53%
est
53%
ton
53%
Pour
51%
veux
51%
dans
49%
paradis
49%
suis
49%
Avec
48%
avec
48%
beau
48%
ça
48%
moi
48%
saliver
48%
assez
47%
fais
47%
lumière
47%
si
47%
envie
46%
folie
46%
noir
46%
sentiment
46%
donner
45%
donnes
45%
45%
la
45%
peux
45%
quatre
45%
roi
45%
serai
45%
oublier
44%
mienne
43%
odeur
43%
un
43%
devenir
42%
sois
42%
bien
41%
Chaque
41%
heures
41%
jour
41%
pourrais
41%
regard
41%
avaler
40%
car
40%
peut
40%
vais
40%
voulais
40%
désire
39%
respire
39%
Au
38%
conquérir
38%
contre
37%
mes
37%
Près
37%
désaltérer
36%
encore
36%
non-stop
36%
sereine
36%
seule
36%
stop
36%
bras
34%
fort
34%
plais
33%
Viens
33%
Oh
31%
fonds
30%
creux
29%
dis
29%
pas
27%
pieds
26%
Reste
25%
collée-serrée
21%
dont
21%
entre
21%
une
21%
il
20%
sers
19%
abandonnerai
17%
faire
17%
Laisse
17%
autre
16%
celle
16%
rêvais
16%
boisson
15%
eu
15%
tentative
15%
esquives
14%
fallait
14%
Baby
13%
salives
13%
goûter
12%
soif
12%
longtemps
9%
t'arrêtes
9%
Verse
3%
Aucun quiz correspondant
Distribution des résultats
% des personnes avec chaque résultat
Percentile par nombre de réponses
Votre historique - résultats
Vous n’avez pas pris ce quiz